Kanceláře jsou pohodlné a variabilní
Súčasné manažérske kancelárie. Trendy súčasnej doby. Najnovším trendom sú tzv. klubové kancelárie - "The Club Office". Prehľad rôznych typov kancelárií. Výber materiálu na zariadenie interiéru. Výber stoličky ako kľúčový moment pri vybavení interiéru. Design a argonomická funkcia kancelárskeho nábyt...
Salvato in:
| Autore principale: | |
|---|---|
| Natura: | Capitolo di libro |
| Lingua: | ceco |
| Soggetti: | |
| Tags: |
Nessun Tag, puoi essere il primo ad aggiungerne!!
|
MARC
| LEADER | 00000naa$a2200000$$$4500 | ||
|---|---|---|---|
| 001 | 0002207 | ||
| 005 | 20231002104758.2 | ||
| 041 | 0 | |a cze | |
| 044 | |a CZ | ||
| 245 | 1 | 0 | |a Kanceláře jsou pohodlné a variabilní |c aut. Zdena Líkařová |
| 520 | |a Súčasné manažérske kancelárie. Trendy súčasnej doby. Najnovším trendom sú tzv. klubové kancelárie - "The Club Office". Prehľad rôznych typov kancelárií. Výber materiálu na zariadenie interiéru. Výber stoličky ako kľúčový moment pri vybavení interiéru. Design a argonomická funkcia kancelárskeho nábytku. Spolupráca s architektom. | ||
| 610 | 2 | 0 | |a prostredie pracovné |
| 610 | 2 | 0 | |a kultúra pracoviska |
| 610 | 2 | 0 | |a kancelárie |
| 610 | 2 | 0 | |a dizajn |
| 610 | 2 | 0 | |a nábytok |
| 610 | 2 | 0 | |a materiál |
| 100 | 1 | |a Líkařová, Zdena | |